ბათუმის შოთა რუსთაველის სახელმწიფო უნივერსიტეტის ბიბლიოთეკა

Initiatives to foster Chinese TVET and TVET teacher training / (ბიბ.ჩანაწერი № 58713)

000 -LEADER
fixed length control field 01153nam a22002057a 4500
005 - DATE AND TIME OF LATEST TRANSACTION
control field 20220704130755.0
008 - FIXED-LENGTH DATA ELEMENTS--GENERAL INFORMATION
fixed length control field 220704s2011en xxu||||| |||| 00| 0 eng d
020 ## - INTERNATIONAL STANDARD BOOK NUMBER
International Standard Book Number 9783939394785
041 ## - LANGUAGE CODE
Language code of text/sound track or separate title eng
080 ## - UNIVERSAL DECIMAL CLASSIFICATION NUMBER
Universal Decimal Classification number 37 I-57
245 ## - TITLE STATEMENT
Title Initiatives to foster Chinese TVET and TVET teacher training /
Statement of responsibility, etc. edit. bu: Frank Bünning; and others..
264 ## - PRODUCTION, PUBLICATION, DISTRIBUTION, MANUFACTURE, AND COPYRIGHT NOTICE
Place of production, publication, distribution, manufacture Bonn:
Name of producer, publisher, distributor, manufacturer GIZ ,
Date of production, publication, distribution, manufacture, or copyright notice 2011.
300 ## - PHYSICAL DESCRIPTION
Extent 126 p.:
Other physical details ill,
Dimensions 21 cm.
653 ## - INDEX TERM--UNCONTROLLED
keyword Initiatives to foster Chinese TVET and TVET teacher training
653 ## - INDEX TERM--UNCONTROLLED
keyword ინიციატივები, რომლებიც ხელს უწყობენ ჩინური პროფესიული და პროფესიული სწავლების მასწავლებლების ტრენინგს
653 ## - INDEX TERM--UNCONTROLLED
keyword პედაგოგიკა
700 ## - ADDED ENTRY--PERSONAL NAME
Personal name Bünning; Frank
Relator term რედაქტორი [და სხვ.]
9 (RLIN) 14283
856 ## - ELECTRONIC LOCATION AND ACCESS
Uniform Resource Identifier http://www.unevoc-magdeburg.de/unevoc_media/Publikationen/2011_Initiative+to+foster+Chinese+TVET+and+TVET+Teacher+Training_web-p-300.pdf
Link text pdf ელექტრონული ვერსია
942 ## - ADDED ENTRY ELEMENTS (KOHA)
Source of classification or shelving scheme
Koha item type წიგნი
ეგზემპლარები
Withdrawn status Lost status Source of classification or shelving scheme Damaged status Not for loan Permanent Location Current Location Shelving location Date acquired Cost, normal purchase price Full call number Barcode Date last seen Copy number Price effective from Koha item type Public note
          ბათუმის შოთა რუსთაველის სახელმწიფო უნივერსიტეტის მთავარი ბიბლიოთეკა პროფესიული პროგრამების მართვის და უწყვეტი განათლების ცენტრის ბიბლიოთეკა წიგნსაცავი 2022-07-04 5.00 37 I-57 62950 2022-07-04 62950 2022-07-04 წიგნი 5.00